000 00466nam a2200181Ia 4500
005 20250326123548.0
008 250326s9999 xx 000 0 und d
037 _aTextbook
040 _aFMSL
_beng
_cFMSL
041 _aeng
_2eng
084 _aB321 K7
_qFMSL
100 _aIsaacs R
_9735478
245 0 _aDifferential games
_cIsaacs R
260 _aNY
_bNY, John Wiley
_c1967
300 _a384p
942 _cTB
_hB321 K7
999 _c1269928
_d1269928